Ručnj Kancyonáljk domownj y pocestný Gádro Pjsnj duchownjch neyobecněgssjch a neypotřebněgssjch, neywice z Tranoscyuse wybraných, w sobě obsahugjcý, s priipogenau kratičkau Knižečkau Modliteb nabožných ku spasytedlnému prospěchu lidj chudobněgssjch na swětlo wydaný, a podle starého přetlačený

Bibliographic Details
Corporate Author: Trattner, J. M. a Károli, Št. (Budapešť, Maďarsko) (Printer)
Format: Book
Language:Slovak
PhysicalDescription:472 strán, 12 nečíslovaných strán, 100 strán, 91 strán, 12 nečíslovaných strán 15 cm
Subjects:

MARC

LEADER 00000cam a2200000 4500
001 vtls011986946
003 SK-MaSNL
005 20260301053716.0
008 210906s1832 hu 000n0 slo
015 |a SNBHFA1832 
035 |a urn:nbn:sk:snk-am00fjet 
035 |a urn:nbn:sk:snk-am3itmx 
035 |a 3B99C281-CC3E-43CA-9E6B-B1058B6963BF 
040 |a SNKHF  |b slo  |c SNKHF  |e rda 
041 0 |a slo 
044 |a hu  |c HU 
072 7 |a 783  |x Cirkevná hudba. Duchovná hudba. Náboženská hudba  |2 konspekt 
072 7 |a 2  |x Náboženstvo  |2 konspekt 
080 |a 783.6  |2 2011 
080 |a 26‑534.3  |2 2011 
130 0 |a Ručnj  |9 346829 
245 1 0 |a Ručnj Kancyonáljk domownj y pocestný  |b Gádro Pjsnj duchownjch neyobecněgssjch a neypotřebněgssjch, neywice z Tranoscyuse wybraných, w sobě obsahugjcý, s priipogenau kratičkau Knižečkau Modliteb nabožných ku spasytedlnému prospěchu lidj chudobněgssjch na swětlo wydaný, a podle starého přetlačený 
264 3 |a W Pessti  |b Wytisstěný v J. M. Trattnera a Károliho  |c 1832 
300 |a 472 strán, 12 nečíslovaných strán, 100 strán, 91 strán, 12 nečíslovaných strán  |c 15 cm 
336 |a text  |b txt  |2 rdacontent 
337 |a bez média  |b n  |2 rdamedia 
338 |a zväzok  |b nc  |2 rdacarrier 
500 |a Titulná strana v ozdobnom rámčeku. Tlač na titulnej strane červeno-čierna. Zložky. Kustody 
501 |a Príväzok 1. : FUNEBRÁLIK. W Pessti : v J.M. Trattnera a Št. Károliho, [1832].  |5 SNK SE 1878/1-2 
504 |a Živé záhlavie. Registre 
546 |a Slovenčina  |b Fraktúra 
610 2 7 |a Evanjelická cirkev a.v.  |2 SNKKA  |9 32425 
650 0 7 |a duchovné piesne  |2 SNKPH  |9 1928 
650 0 7 |a modlitby  |2 SNKPH  |9 1743 
655 7 |a staré tlače  |2 SNKPH  |9 69193 
710 2 |a Trattner, J. M. a Károli, Št. (Budapešť, Maďarsko)  |4 prt  |9 266915 
752 |a Maďarsko  |d Budapešť 
958 |a DF 
958 |a ONDV 
999 |c 609028  |d 610958 
952 |a SNK  |b SNK  |y PREZ  |7 0  |p 17A0733828  |o snkSE 1878/1-2  |i snkKSF 4368/57  |8 5  |0 0  |1 0  |4 0  |d 2020-08-12  |f 1  |l 0  |r 2026-02-23 16:18:15  |w 2026-02-23